<?xml version="1.0" encoding="UTF-8"?>
<record
    xmlns:xsi="http://www.w3.org/2001/XMLSchema-instance"
    xsi:schemaLocation="http://www.loc.gov/MARC21/slim http://www.loc.gov/standards/marcxml/schema/MARC21slim.xsd"
    xmlns="http://www.loc.gov/MARC21/slim">

  <leader>02537nam a22003017a 4500</leader>
  <controlfield tag="008">251020b        |||||||| |||| 00| 0 eng d</controlfield>
  <datafield tag="020" ind1=" " ind2=" ">
    <subfield code="a">9782226455130</subfield>
  </datafield>
  <datafield tag="040" ind1=" " ind2=" ">
    <subfield code="c">TBS</subfield>
  </datafield>
  <datafield tag="041" ind1=" " ind2=" ">
    <subfield code="a">fre</subfield>
    <subfield code="h">eng</subfield>
  </datafield>
  <datafield tag="050" ind1=" " ind2=" ">
    <subfield code="a">PS3557.A715 </subfield>
    <subfield code="b">W3414 2023</subfield>
  </datafield>
  <datafield tag="100" ind1=" " ind2=" ">
    <subfield code="a">Gardner, Lisa</subfield>
    <subfield code="9">26198</subfield>
    <subfield code="e">author</subfield>
  </datafield>
  <datafield tag="240" ind1=" " ind2=" ">
    <subfield code="a">When you see me.</subfield>
    <subfield code="l">French.</subfield>
  </datafield>
  <datafield tag="245" ind1=" " ind2=" ">
    <subfield code="a">Au premier regard</subfield>
    <subfield code="c">/ Lisa Gardner ; translated by C&#xE9;cile Deniard.</subfield>
  </datafield>
  <datafield tag="260" ind1=" " ind2=" ">
    <subfield code="a">Paris :</subfield>
    <subfield code="b">Albin Michel,</subfield>
    <subfield code="c">2023.</subfield>
  </datafield>
  <datafield tag="300" ind1=" " ind2=" ">
    <subfield code="a">473 pages ; </subfield>
    <subfield code="c">23 cm.</subfield>
  </datafield>
  <datafield tag="520" ind1=" " ind2=" ">
    <subfield code="a">&#xAB; Un thriller palpitant et diablement f&#xE9;ministe. &#xBB; Paris Match

L'agent du FBI Kimberly Quincy, le commandant D.D. Warren et Flora Dane, les trois h&#xE9;ro&#xEF;nes de Lisa Gardner de nouveau r&#xE9;unies dans un thriller &#xE0; couper le souffle.

Macabre d&#xE9;couverte dans un petite ville de G&#xE9;orgie. Les restes d'un corps humain, puis bient&#xF4;t un charnier, r&#xE9;v&#xE9;l&#xE9;s au grand jour... Est-ce le testament de Jacob Ness, le tueur en s&#xE9;rie qui a d&#xE9;fray&#xE9; la chronique pendant des ann&#xE9;es avant d'&#xEA;tre abattu ? Ou l'oeuvre d'un complice ?

Aux c&#xF4;t&#xE9;s de la courageuse Flora Dane, survivante de Jacob Ness devenue justici&#xE8;re, les enqu&#xEA;trices vont unir leurs forces dans une affaire sans pr&#xE9;c&#xE9;dent, dont une jeune fille, t&#xE9;moin impuissante de l'horreur, d&#xE9;tient la v&#xE9;rit&#xE9;. Mais comment la prot&#xE9;ger ? </subfield>
  </datafield>
  <datafield tag="520" ind1=" " ind2=" ">
    <subfield code="a">&#x201C;A gripping and fiercely feminist thriller.&#x201D; &#x2014; Paris Match

FBI agent Kimberly Quincy, Sergeant D.D. Warren, and Flora Dane&#x2014;Lisa Gardner&#x2019;s three unforgettable heroines&#x2014;come together once again in a breathtaking new thriller.

A gruesome discovery is made in a small Georgia town: the remains of a human body, soon followed by the uncovering of a mass grave. Is this the legacy of Jacob Ness, the notorious serial killer who dominated headlines for years before being shot dead? Or the work of an accomplice?

Alongside the brave Flora Dane&#x2014;Jacob Ness&#x2019;s former captive turned vigilante&#x2014;the investigators join forces on an unprecedented case, one in which a young girl, a helpless witness to the horror, holds the key to the truth. But how can they protect her?</subfield>
  </datafield>
  <datafield tag="650" ind1=" " ind2="0">
    <subfield code="a">Victims of crimes</subfield>
    <subfield code="v">Fiction</subfield>
    <subfield code="9">26199</subfield>
  </datafield>
  <datafield tag="650" ind1=" " ind2="0">
    <subfield code="a">Serial murderers</subfield>
    <subfield code="v">Fiction</subfield>
    <subfield code="9">26200</subfield>
  </datafield>
  <datafield tag="650" ind1=" " ind2="0">
    <subfield code="a">Young women</subfield>
    <subfield code="v">Fiction</subfield>
    <subfield code="9">24099</subfield>
  </datafield>
  <datafield tag="650" ind1=" " ind2="0">
    <subfield code="a">Small cities</subfield>
    <subfield code="v">Fiction</subfield>
    <subfield code="9">26201</subfield>
  </datafield>
  <datafield tag="650" ind1=" " ind2="0">
    <subfield code="a">Mutism</subfield>
    <subfield code="v">Fiction</subfield>
    <subfield code="9">26202</subfield>
  </datafield>
  <datafield tag="655" ind1=" " ind2="0">
    <subfield code="a">Thrillers (Fiction)</subfield>
    <subfield code="9">22669</subfield>
  </datafield>
  <datafield tag="655" ind1=" " ind2="0">
    <subfield code="a">Detective and mystery fiction</subfield>
    <subfield code="9">23664</subfield>
  </datafield>
  <datafield tag="655" ind1=" " ind2="0">
    <subfield code="a">Psychological fiction</subfield>
    <subfield code="9">22456</subfield>
  </datafield>
  <datafield tag="700" ind1=" " ind2=" ">
    <subfield code="a">Deniard, C&#xE9;cile</subfield>
    <subfield code="9">26203</subfield>
    <subfield code="e">translator</subfield>
  </datafield>
  <datafield tag="942" ind1=" " ind2=" ">
    <subfield code="2">lcc</subfield>
  </datafield>
  <datafield tag="952" ind1=" " ind2=" ">
    <subfield code="0">0</subfield>
    <subfield code="1">0</subfield>
    <subfield code="2">lcc</subfield>
    <subfield code="4">0</subfield>
    <subfield code="7">0</subfield>
    <subfield code="a">TBS</subfield>
    <subfield code="b">TBS</subfield>
    <subfield code="d">2025-10-20</subfield>
    <subfield code="l">0</subfield>
    <subfield code="o">P-FR MIC</subfield>
    <subfield code="p">B07713</subfield>
    <subfield code="r">2025-10-20</subfield>
    <subfield code="t">1</subfield>
    <subfield code="w">2025-10-20</subfield>
    <subfield code="y">1</subfield>
  </datafield>
  <datafield tag="999" ind1=" " ind2=" ">
    <subfield code="c">5061</subfield>
    <subfield code="d">5061</subfield>
  </datafield>
</record>
